00985nab a22002297a 4500999001500000003000400015005001700019008004100036040000700077100003700084245016000121260007200281300001400353500003800367505008900405650002600494650003500520650001800555650003000573773013900603942001300742 c5942d5942OSt20260114014717.0190605e xxu||||| |||| 00| 0 spa d cPJ 96648aDespoulis Netri, Federico 13aLa supresión de la culpa en el divorcio en el Código Civil y Comercial y su afectación al Derecho de la Seguridad Social /cFederico Despoulis Netri. aCiudad Autónoma de Buenos Aires :bThomson Reuters La Ley,c2024. ap. 212-16 aCita: TR LALEY AR/DOC/323/2024.  t¿Te interesa el texto completo? Solicitalo al correo: koha@justierradelfuego.gov.ar 091316aDERECHO LABORAL 091497aCODIGO CIVIL Y COMERCIAL 09977aDIVORCIO 09995aCAUSALES DE DIVORCIO0 0271193168dCiudad Autónoma de Buenos Aires : Thomson Reuters La Ley, 1999-2002.tRevista de derecho del trabajo. Nº 2 - Marzo 2024 2udccANA